Κοινωνική πολιτική και κράτος πρόνοιας στην Ελλάδα (1974-2004) : πτυχιακή εργασία

Αποθηκεύτηκε σε:
Λεπτομέρειες βιβλιογραφικής εγγραφής
Κύριος συγγραφέας: Σαμαρίδης, Αναστάσιος
Συγγραφή απο Οργανισμό/Αρχή: Πανεπιστήμιο Αιγαίου Σχολή Κοινωνικών Επιστημών Τμήμα Κοινωνιολογίας
Άλλοι συγγραφείς: Αλεξίου, Θανάσης (Εισηγητής διατριβής), Ρόντος, Κωνσταντίνος Β. (Εισηγητής διατριβής), Τσομπάνογλου, Γεώργιος Οδ (Εισηγητής διατριβής)
Μορφή: Thesis Βιβλίο
Γλώσσα:Greek
Δημοσίευση: 2008
Θέματα:
Διαθέσιμο Online:http://hdl.handle.net/11610/7875
Ετικέτες: Προσθήκη ετικέτας
Δεν υπάρχουν, Καταχωρήστε ετικέτα πρώτοι!

MARC

LEADER 00000cam a2200000 i 4500
001 1/1985
008 091012s2008 gre d
035 |l 10105811 
040 |a GR-MY-UA  |b gre  |e aacr 
041 0 |a gre 
082 0 |a 362.609595  |2 (22) 
100 1 |a Σαμαρίδης, Αναστάσιος. 
245 1 0 |a Κοινωνική πολιτική και κράτος πρόνοιας στην Ελλάδα (1974-2004) :  |b πτυχιακή εργασία /  |c επιμέλεια: Αναστάσης Σαμαρίδης ; επιβλέπουσα επιτροπή: Αλεξίου Θ., Ρόντος Κ., Τσομπάνογλου Γ.Ο. 
260 |c 2008 
300 |a [χ.α.];  |c 30 εκ. 
500 |a Βιβλιογραφία 
502 # # |a Πτυχιακή εργασία – Πανεπιστήμιο Αιγαίου, Λέσβος, 2008. 
650 0 0 |a Dissertations, Academic  |z Greece. 
651 0 |a Greece  |x Social policy. 
651 0 |a Greece  |x Social conditions  |y 1974- 
700 1 |a Αλεξίου, Θανάσης.  |4 ths 
700 1 |4 ths  |a Ρόντος, Κωνσταντίνος Β. 
700 1 |4 ths  |a Τσομπάνογλου, Γεώργιος Οδ. 
710 2 |a Πανεπιστήμιο Αιγαίου  |b Σχολή Κοινωνικών Επιστημών  |b Τμήμα Κοινωνιολογίας. 
852 |a INST  |b LESVOS  |c DIATR  |e 20091012  |h 349  |p 005100046280  |q 005100046280  |t DIE  |y 23 
852 |a INST  |b LESVOS  |c DIATR  |e 20091012  |h 350  |p 005100046281  |q 005100046281  |t DIE  |y 23 
856 |u http://hdl.handle.net/11610/7875 
901 |a BIBL1-2009-3 
909 |a Λ  |b 159478 
909 |a Λ  |b 159479 
924 |a ΣΑΜΑΡΙΔΗΣ  |b ΑΝΑΣΤΑΣΗΣ  |y ΛΕΣΒΟΣ  |z 2008-11 
970 |a ΤΖΑΦΕΡΗ  |b ΕΥΑΓΓΕΛΙΑ  |z 2009/10/12